000
00324nam a2200109Ia 4500
008
171211s9999 xx 000 0 und d
245
_a
Breaking Negative Relationship Patterns
245
_c
Bruce A. Stevens, Eckhard Roediger
260
_c
2014
650
_x
Sexuality
856
_u
http://down.ebook777.com/058/0060887419.pdf
999
_c
350759
_d
350759